| 000 | 01283nam a2200349 i 4500 | ||
|---|---|---|---|
| 003 | EG-GICUC | ||
| 005 | 20260204183309.0 | ||
| 008 | 260108s1990 ua |||fr|||| 00| 0 ara d | ||
| 017 | _a1873/1990 | ||
| 020 | _a9770405620 | ||
| 040 |
_a EG-GICUC _bara _c EG-GICUC _d EG-GICUC _erda |
||
| 041 | 0 | _aAra | |
| 082 | 0 | 4 |
_221 _a343.251 _bم ح . ج |
| 092 | 0 | 4 | _221 |
| 099 | _aLaw1 10 343.251 م ح . ج 1990 | ||
| 100 | 0 |
_aمحمد الشحات الجندى _eمؤلف. |
|
| 245 | 1 | 0 |
_aجريمة اغتصاب الإناث فى الفقه الإسلامى مقارنا بالقانون الوضعى / _cتأليف دكتور محمد الشحات الجندى. |
| 264 | 1 |
_aالقاهرة : _bدار النهضة العربية، _c1990. |
|
| 264 | 3 | _bمطبعة دار التأليف | |
| 300 |
_a296 صفحة؛ _c24 سم. |
||
| 336 |
_2rda content _atext |
||
| 337 |
_2rda media _aComputer |
||
| 338 |
_2rda carrier _aOnline Resource |
||
| 504 | _aببليوجرافيا: صفحات289-293. | ||
| 546 | _aالنص باللغة العربية | ||
| 650 | 1 |
_aاغتصاب _2qrmak |
|
| 650 | 1 |
_aالقانون الجنائى _2qrmak |
|
| 651 | 1 | _2qrmak | |
| 856 | 4 | 0 | _uhttps://fll.law.cu.edu.eg/fulltext/bks/B10-07390.pdf |
| 905 |
_a54 _eYara |
||
| 942 |
_2ddc _cBK _e21 _n0 |
||
| 999 |
_c55662 _d55662 |
||